Normal view
MARC view
- MUHAMMAD SARFARAZ
Entry Personal Name
001 - CONTROL NUMBER
- control field: 72660
003 - CONTROL NUMBER IDENTIFIER
- control field: NUST
005 - DATE AND TIME OF LATEST TRANSACTION
- control field: 20210628204851.0
008 - FIXED-LENGTH DATA ELEMENTS
- fixed length control field: 210628|| aca||aabn | a|a d
040 ## - CATALOGING SOURCE
- Original cataloging agency: NUST
- Transcribing agency: NUST
100 ## - HEADING--PERSONAL NAME
- Personal name: MUHAMMAD SARFARAZ
670 ## - SOURCE DATA FOUND
- Source citation: Work cat.: (NUST): MUHAMMAD SARFARAZ , TH-SOF-0988-EVALUATION OF SCHEDULED INSPECTIONS (PERIODIC) OF FIXED-WING AIRCRAFT USING DATA ANALYSIS AND UNIFIED MODELLING TECHNIQUES, 2001
